000 00312nam a22001337a 4500
008 170327b xxu||||| |||| 00| 0 eng d
020 _a9781416043287
041 _aeng
080 _a616.9
100 _a8
101 _aSHM
245 _aINFECTIOUS DISEASE CLINICS OF NORTH AMERICA
_cMAYER, K.H
942 _2udc
_cBK
999 _c8669
_d8669